[Event "WYCC 2018 O14"]
[Site "Halkidiki"]
[Date "2018.10.27"]
[Round "8"]
[White "Subelj, Jan"]
[Black "Tanriverdi, Enes"]
[Result "1-0"]
[WhiteElo "2281"]
[BlackElo "2317"]
[Annotator "NA"]
[PlyCount "115"]
[EventDate "2018.10.20"]
[EventType "swiss"]
[EventCountry "GRE"]
[SourceTitle "playchess.com"]
[Source "ChessBase"]
[SourceQuality "1"]
[TimeControl "40/5400+30:1800+30"]

1. e4 {[%emt 0:00:00]} c5 {[%emt 0:00:00]} 2. Nf3 {[%emt 0:00:32]} e6 {[%emt 0:00:00]} 3. c4 {[%emt 0:01:11]} Nc6 {[%emt 0:04:01]} 4. Nc3 {[%emt 0:00:48]} Nf6 {[%emt 0:01:42]} 5. Be2 {[%emt 0:01:04]} e5 {[%emt 0:03:06]} 6. d3 {[%emt 0:00:38]} d6 {[%emt 0:00:11]} 7. O-O {[%emt 0:00:25]} g6 {[%emt 0:06:47]} 8. a3 {[%emt 0:05:50]} Bg7 {[%emt 0:05:30]} 9. b4 {[%emt 0:16:01]} b6 {[%emt 0:03:38]} 10. b5 {[%emt 0:05:01]} Ne7 {[%emt 0:14:37]} 11. a4 {[%emt 0:11:44]} O-O {[%emt 0:02:42]} 12. Nd2 {[%emt 0:08:52]} Bb7 {[%emt 0:22:43]} 13. Bb2 {[%emt 0:02:35]} Nd7 {[%emt 0:04:42]} 14. Qc2 {[%emt 0:03:20]} f5 {[%emt 0:02:10]} 15. Nd5 {[%emt 0:01:35]} Nxd5 {[%emt 0:00:59]} 16. cxd5 {[%emt 0:00:13]} Nf6 {[%emt 0:03:35]} 17. Nc4 {[%emt 0:01:18]} f4 {[%emt 0:04:16]} 18. a5 {[%emt 0:01:24]} g5 {[%emt 0:00:14]} 19. axb6 {[%emt 0:03:33]} axb6 {[%emt 0:00:26]} 20. Rxa8 {[%emt 0:00:16]} Bxa8 {[%emt 0:00:03]} 21. Ra1 {[%emt 0:00:26]} Bb7 {[%emt 0:03:58]} 22. Qd1 {[%emt 0:05:46]} Rf7 {[%emt 0:03:13]} 23. Bc3 {[%emt 0:08:24]} h6 {[%emt 0:07:40]} 24. Be1 {[%emt 0:08:07]} Rf8 {[%emt 0:03:52]} 25. Qa4 {[%emt 0:01:14]} Nxd5 {[%emt 0:01:23]} 26. Qa7 {[%emt 0:03:01]} Qe7 {[%emt 0:00:50]} 27. exd5 {[%emt 0:00:10]} e4 {[%emt 0:00:07]} 28. Rd1 {[%emt 0:00:50]} f3 {[%emt 0:00:19]} 29. Bf1 {[%emt 0:00:35]} fxg2 {[%emt 0:01:02]} 30. Bxg2 {[%emt 0:00:02]} exd3 {[%emt 0:00:12]} 31. Qa2 {[%emt 0:02:54]} Bd4 {[%emt 0:00:25]} 32. Qd2 {[%emt 0:00:25]} Bc8 {[%emt 0:00:19]} 33. Qxd3 {[%emt 0:00:58]} Bg4 {[%emt 0:00:05]} 34. Qg6+ {[%emt 0:02:01]} Bg7 {[%emt 0:00:06]} 35. Rc1 {[%emt 0:00:16]} Bf5 {[%emt 0:00:35]} 36. Qxd6 {[%emt 0:00:11]} Qe2 {[%emt 0:00:06]} 37. Bf1 {[%emt 0:02:02]} Qe4 {[%emt 0:00:29]} 38. Bg2 {[%emt 0:00:31]} Qe2 {[%emt 0:00:31]} 39. Bf1 {[%emt 0:00:19]} Qe4 {[%emt 0:00:04]} 40. Qg3 {[%emt 0:00:00]} Qxd5 {[%emt 0:00:00]} 41. Ne3 {[%emt 0:01:48]} Qf7 {[%emt 0:01:13]} 42. Nxf5 {[%emt 0:01:00]} Qxf5 {[%emt 0:00:13]} 43. Bc3 {[%emt 0:01:54]} Bxc3 {[%emt 0:00:36]} 44. Bc4+ {[%emt 0:00:29]} Kg7 {[%emt 0:00:16]} 45. Qxc3+ {[%emt 0:00:09]} Rf6 {[%emt 0:00:04]} 46. Qg3 {[%emt 0:00:21]} h5 {[%emt 0:00:14]} 47. Bd3 {[%emt 0:02:33]} Qd5 {[%emt 0:00:03]} 48. Re1 {[%emt 0:00:53]} h4 {[%emt 0:00:36]} 49. Qc7+ {[%emt 0:01:46]} Rf7 {[%emt 0:00:10]} 50. Re7 {[%emt 0:01:33]} Rxe7 {[%emt 0:00:05]} 51. Qxe7+ {[%emt 0:00:04]} Kg8 {[%emt 0:00:04]} 52. Qe8+ {[%emt 0:02:09]} Kg7 {[%emt 0:00:03]} 53. Qg6+ {[%emt 0:00:19]} Kf8 {[%emt 0:00:05]} 54. Qf6+ {[%emt 0:00:19]} Kg8 {[%emt 0:00:10]} 55. Bf1 {[%emt 0:00:25]} c4 {[%emt 0:00:45]} 56. Qc6 {[%emt 0:00:12]} Qd1 {[%emt 0:00:36]} 57. Qxc4+ {[%emt 0:00:11]} Kg7 {[%emt 0:00:06]} 58. h3 {[%emt 0:00:19]} 1-0

[Event "WYCC 2018 O14"]
[Site "Halkidiki"]
[Date "2018.10.27"]
[Round "8"]
[White "Manafov, Vugar"]
[Black "Stremavicius, Pijus"]
[Result "1/2-1/2"]
[WhiteElo "2245"]
[BlackElo "2024"]
[Annotator "NA"]
[PlyCount "116"]
[EventDate "2018.10.20"]
[EventType "swiss"]
[EventCountry "GRE"]
[SourceTitle "playchess.com"]
[Source "ChessBase"]
[SourceQuality "1"]
[TimeControl "40/5400+30:1800+30"]

1. Nf3 {[%emt 0:00:00]} Nf6 {[%emt 0:00:00]} 2. g3 {[%emt 0:00:00]} d5 {[%emt 0:00:00]} 3. Bg2 {[%emt 0:00:20]} e6 {[%emt 0:00:00]} 4. O-O {[%emt 0:00:05]} c5 {[%emt 0:00:32]} 5. d3 {[%emt 0:00:16]} Be7 {[%emt 0:00:07]} 6. Nc3 {[%emt 0:00:12]} Nc6 {[%emt 0:02:29]} 7. e4 {[%emt 0:00:56]} O-O {[%emt 0:02:27]} 8. h3 {[%emt 0:02:47]} b6 {[%emt 0:01:28]} 9. Re1 {[%emt 0:03:46]} Bb7 {[%emt 0:00:53]} 10. exd5 {[%emt 0:00:42]} Nxd5 {[%emt 0:04:54]} 11. Nxd5 {[%emt 0:01:06]} exd5 {[%emt 0:00:06]} 12. d4 {[%emt 0:05:30]} cxd4 {[%emt 0:04:20]} 13. Nxd4 {[%emt 0:00:55]} Nxd4 {[%emt 0:00:11]} 14. Qxd4 {[%emt 0:00:07]} Bf6 {[%emt 0:00:03]} 15. Qd1 {[%emt 0:01:12]} Qc8 {[%emt 0:01:40]} 16. c3 {[%emt 0:03:54]} d4 {[%emt 0:00:19]} 17. cxd4 {[%emt 0:02:12]} Bxg2 {[%emt 0:00:05]} 18. Kxg2 {[%emt 0:00:03]} Qd7 {[%emt 0:03:50]} 19. Be3 {[%emt 0:03:57]} Rfd8 {[%emt 0:00:50]} 20. Qf3 {[%emt 0:03:16]} Rac8 {[%emt 0:01:28]} 21. Re2 {[%emt 0:00:52]} Qd5 {[%emt 0:00:42]} 22. Rd2 {[%emt 0:00:35]} h5 {[%emt 0:00:17]} 23. h4 {[%emt 0:00:41]} b5 {[%emt 0:00:46]} 24. Qxd5 {[%emt 0:00:09]} Rxd5 {[%emt 0:00:02]} 25. Kf3 {[%emt 0:01:39]} g6 {[%emt 0:03:01]} 26. Ke4 {[%emt 0:00:04]} Rcd8 {[%emt 0:00:24]} 27. Rc1 {[%emt 0:00:27]} Bg7 {[%emt 0:00:10]} 28. Rcd1 {[%emt 0:05:11]} f5+ {[%emt 0:00:38]} 29. Kf3 {[%emt 0:00:08]} Kf7 {[%emt 0:00:33]} 30. a3 {[%emt 0:06:04]} Rc8 {[%emt 0:00:27]} 31. Ke2 {[%emt 0:00:43]} a5 {[%emt 0:03:18]} 32. Kd3 {[%emt 0:05:27]} a4 {[%emt 0:01:47]} 33. Rc2 {[%emt 0:06:22]} Rxc2 {[%emt 0:06:52]} 34. Kxc2 {[%emt 0:00:06]} Ke6 {[%emt 0:01:51]} 35. b3 {[%emt 0:01:48]} f4 {[%emt 0:05:03]} 36. Bxf4 {[%emt 0:01:57]} Rxd4 {[%emt 0:00:15]} 37. Re1+ {[%emt 0:01:36]} Kf5 {[%emt 0:00:44]} 38. Re7 {[%emt 0:00:33]} Bf6 {[%emt 0:00:30]} 39. Rb7 {[%emt 0:00:32]} Rd5 {[%emt 0:03:44]} 40. bxa4 {[%emt 0:00:00]} bxa4 {[%emt 0:00:00]} 41. Rf7 {[%emt 0:01:04]} Ke6 {[%emt 0:02:31]} 42. Ra7 {[%emt 0:01:59]} Rc5+ {[%emt 0:00:47]} 43. Kd2 {[%emt 0:01:16]} Rc4 {[%emt 0:00:14]} 44. Rb7 {[%emt 0:04:15]} Kf5 {[%emt 0:08:14]} 45. Be3 {[%emt 0:03:28]} Ke4 {[%emt 0:03:00]} 46. Rb6 {[%emt 0:00:57]} Kf5 {[%emt 0:01:32]} 47. Ke2 {[%emt 0:05:57]} Rc2+ {[%emt 0:01:16]} 48. Kd1 {[%emt 0:00:54]} Rc4 {[%emt 0:02:06]} 49. Bd2 {[%emt 0:01:14]} Rc8 {[%emt 0:11:37]} 50. Rb4 {[%emt 0:04:41]} Ra8 {[%emt 0:00:07]} 51. Rf4+ {[%emt 0:00:11]} Ke6 {[%emt 0:00:05]} 52. Bb4 {[%emt 0:00:23]} Rc8 {[%emt 0:01:31]} 53. Bd2 {[%emt 0:03:08]} Ra8 {[%emt 0:00:05]} 54. Ke2 {[%emt 0:00:06]} Ra6 {[%emt 0:00:13]} 55. Rc4 {[%emt 0:00:21]} Kd5 {[%emt 0:01:36]} 56. Kd3 {[%emt 0:00:13]} Bb2 {[%emt 0:20:13]} 57. Bb4 {[%emt 0:01:56]} Rc6 {[%emt 0:00:12]} 58. Rf4 {[%emt 0:12:40]} Rf6 {[%emt 0:01:04] Ke4+} 1/2-1/2

[Event "WYCC 2018 O14"]
[Site "Halkidiki"]
[Date "2018.10.27"]
[Round "8"]
[White "Boyer, Mahel"]
[Black "Raja Rithvik R"]
[Result "0-1"]
[WhiteElo "2227"]
[BlackElo "2421"]
[Annotator "NA RC"]
[PlyCount "92"]
[EventDate "2018.10.20"]
[EventType "swiss"]
[EventCountry "GRE"]
[SourceTitle "playchess.com"]
[Source "ChessBase"]
[SourceQuality "1"]
[TimeControl "40/5400+30:1800+30"]

1. Nf3 {[%emt 0:00:00]} d5 {[%emt 0:00:00]} 2. c4 {[%emt 0:00:00]} d4 {[%emt 0:00:00]} 3. g3 {[%emt 0:00:15]} Nc6 {[%emt 0:00:01]} 4. Bg2 {[%emt 0:00:06]} e5 {[%emt 0:00:02]} 5. d3 {[%emt 0:00:06]} Bb4+ {[%emt 0:00:02]} 6. Bd2 {[%emt 0:00:18]} a5 {[%emt 0:00:04]} 7. O-O {[%emt 0:00:53]} Nf6 {[%emt 0:00:07]} 8. Na3 {[%emt 0:00:04]} O-O {[%emt 0:00:34]} 9. Nc2 {[%emt 0:00:57]} Bd6 {[%emt 0:03:18]} 10. b3 {[%emt 0:15:49]} Qe7 {[%emt 0:02:29]} 11. e3 {[%emt 0:05:01]} dxe3 {[%emt 0:03:56]} 12. Bxe3 {[%emt 0:09:47]} Bg4 {[%emt 0:04:30]} 13. h3 {[%emt 0:02:10]} Bh5 {[%emt 0:00:50]} 14. g4 {[%emt 0:06:10]} Bg6 {[%emt 0:00:05]} 15. d4 {[%emt 0:00:08]} Rfd8 {[%emt 0:29:27]} 16. d5 {[%emt 0:11:59]} Nb4 {[%emt 0:00:54]} 17. Nxb4 {[%emt 0:01:17]} axb4 {[%emt 0:00:20]} 18. Bg5 {[%emt 0:13:43]} h6 {[%emt 0:06:54]} 19. Bh4 {[%emt 0:00:54]} e4 {[%emt 0:13:21]} 20. Nd4 {[%emt 0:02:08]} Be5 {[%emt 0:00:50]} 21. f4 {[%emt 0:17:37]} exf3 {[%emt 0:01:23]} 22. Rxf3 {[%emt 0:02:27]} Qc5 {[%emt 0:10:11]} 23. Bf2 {[%emt 0:00:39]} Ne4 {[%emt 0:00:05]} 24. Ne6 {[%emt 0:01:51]} Nxf2 {[%emt 0:00:04]} 25. Nxc5 {[%emt 0:00:04]} Nxd1 {[%emt 0:00:03]} 26. Rxd1 {[%emt 0:00:08]} Rxa2 {[%emt 0:01:43]} 27. Nxb7 {[%emt 0:00:37]} Rb8 {[%emt 0:00:20]} 28. Nc5 {[%emt 0:00:41]} Bc2 {[%emt 0:00:09]} 29. Rd2 {[%emt 0:03:50]} Bc3 {[%emt 0:01:51]} 30. Na6 {[%emt 0:01:39]} Bxd2 {[%emt 0:03:17]} 31. Nxb8 {[%emt 0:00:06]} Be4 {[%emt 0:00:02]} 32. Nc6 {[%emt 0:04:00]} Bxf3 {[%emt 0:00:15]} 33. Bxf3 {[%emt 0:00:01]} Ra3 {[%emt 0:00:49]} 34. Bd1 {[%emt 0:00:59]} Ra1 {[%emt 0:02:19]} 35. Kf1 {[%emt 0:00:01]} Rxd1+ {[%emt 0:00:09]} 36. Ke2 {[%emt 0:00:00]} Rb1 {[%emt 0:00:06]} 37. Kxd2 {[%emt 0:00:04]} Rxb3 {[%emt 0:00:06]} 38. c5 {[%emt 0:01:09]} Rc3 {[%emt 0:00:32]} 39. Nxb4 {[%emt 0:00:31]} Rxc5 {[%emt 0:00:03]} 40. Kd3 {[%emt 0:00:00]} Kf8 {[%emt 0:00:00]} 41. Kd4 {[%emt 0:00:04]} Rc1 {[%emt 0:01:11]} 42. Nd3 {[%emt 0:00:05]} Rd1 {[%emt 0:00:13]} 43. Kc4 {[%emt 0:00:12]} Ke7 {[%emt 0:00:16]} 44. Ne5 {[%emt 0:00:07]} Rh1 {[%emt 0:00:09]} 45. Nc6+ {[%emt 0:00:11]} Kd6 {[%emt 0:00:04]} 46. Nd4 {[%emt 0:00:16]} Rc1+ {[%emt 0:00:23]} 0-1

[Event "WYCC 2018 O14"]
[Site "Halkidiki"]
[Date "2018.10.27"]
[Round "8"]
[White "Van Dael, Siem"]
[Black "Pogosyan, Stefan"]
[Result "1-0"]
[WhiteElo "2202"]
[BlackElo "2373"]
[Annotator "NA"]
[PlyCount "95"]
[EventDate "2018.10.20"]
[EventType "swiss"]
[EventCountry "GRE"]
[SourceTitle "playchess.com"]
[Source "ChessBase"]
[SourceQuality "1"]
[TimeControl "40/5400+30:1800+30"]

1. e4 {[%emt 0:00:00]} c5 {[%emt 0:00:00]} 2. Nf3 {[%emt 0:00:00]} Nc6 {[%emt 0:00:00]} 3. d4 {[%emt 0:00:00]} cxd4 {[%emt 0:00:00]} 4. Nxd4 {[%emt 0:00:00]} e6 {[%emt 0:00:01]} 5. Nc3 {[%emt 0:00:00]} Nf6 {[%emt 0:00:38]} 6. Ndb5 {[%emt 0:00:42]} d6 {[%emt 0:01:31]} 7. Bf4 {[%emt 0:00:06]} e5 {[%emt 0:01:48]} 8. Bg5 {[%emt 0:00:05]} a6 {[%emt 0:00:05]} 9. Na3 {[%emt 0:00:03]} b5 {[%emt 0:00:21]} 10. Nd5 {[%emt 0:00:04]} Be7 {[%emt 0:00:23]} 11. Bxf6 {[%emt 0:00:05]} Bxf6 {[%emt 0:00:09]} 12. c3 {[%emt 0:00:03]} Bg5 {[%emt 0:01:39]} 13. Nc2 {[%emt 0:00:06]} Rb8 {[%emt 0:03:34]} 14. a4 {[%emt 0:01:09]} bxa4 {[%emt 0:02:15]} 15. Ncb4 {[%emt 0:00:09]} Bd7 {[%emt 0:06:32]} 16. Bxa6 {[%emt 0:13:09]} Nxb4 {[%emt 0:02:30]} 17. Nxb4 {[%emt 0:08:15]} O-O {[%emt 0:07:00] LiveBook: 28 Games} 18. O-O $11 {[%emt 0:00:44]} Qb6 {[%emt 0:07:35]} 19. Qd3 {[%emt 0:01:21]} Qc5 {[%emt 0:10:19]} 20. Rfd1 {[%emt 0:06:55]} Be7 {[%emt 0:02:14]} 21. Rd2 {[%emt 0:05:57]} f5 {[%emt 0:17:27]} 22. Bc4+ {[%emt 0:03:58]} Kh8 {[%emt 0:00:01]} 23. Na6 {[%emt 0:00:20]} Qb6 {[%emt 0:00:01]} 24. Nxb8 {[%emt 0:00:18]} Qxb8 {[%emt 0:00:02]} 25. Bd5 {[%emt 0:02:34]} Bg5 {[%emt 0:00:40]} 26. Re2 {[%emt 0:02:21]} fxe4 {[%emt 0:00:19]} 27. Bxe4 {[%emt 0:00:46]} g6 {[%emt 0:00:37]} 28. Rd1 {[%emt 0:00:58]} Rf6 {[%emt 0:00:37]} 29. f3 {[%emt 0:05:49]} Qb6+ {[%emt 0:00:52]} 30. Kh1 {[%emt 0:00:07]} Bb5 {[%emt 0:00:20]} 31. c4 {[%emt 0:00:17]} Bd7 {[%emt 0:01:13]} 32. Qa3 {[%emt 0:02:38]} Be8 {[%emt 0:01:20]} 33. g3 {[%emt 0:01:15]} h5 {[%emt 0:01:41]} 34. Qc3 {[%emt 0:02:51]} Kg7 {[%emt 0:02:29]} 35. Bd5 {[%emt 0:06:52]} Rf8 {[%emt 0:03:47]} 36. h4 {[%emt 0:05:17]} Bf6 {[%emt 0:00:39]} 37. Qa3 {[%emt 0:01:54]} Qc7 {[%emt 0:02:34]} 38. b3 {[%emt 0:02:15]} axb3 {[%emt 0:00:05]} 39. Qxb3 {[%emt 0:00:06]} Bd7 {[%emt 0:00:25]} 40. Rb1 {[%emt 0:00:00]} Bf5 {[%emt 0:00:00]} 41. Qb7 {[%emt 0:02:08]} Rc8 {[%emt 0:01:50]} 42. Rb6 {[%emt 0:00:48]} Be7 {[%emt 0:01:06]} 43. Ra2 {[%emt 0:00:36]} Qd8 {[%emt 0:00:13]} 44. Ra7 {[%emt 0:00:26]} Kf6 {[%emt 0:00:12]} 45. Kg2 {[%emt 0:01:25]} Qf8 {[%emt 0:00:52]} 46. Rxd6+ {[%emt 0:00:49]} Bxd6 {[%emt 0:00:02]} 47. Qf7+ {[%emt 0:00:08]} Qxf7 {[%emt 0:00:08]} 48. Rxf7# {[%emt 0:00:06]} 1-0

[Event "WYCC 2018 O14"]
[Site "Halkidiki"]
[Date "2018.10.27"]
[Round "8"]
[White "Fecker, Noah"]
[Black "Boulos, Carlos"]
[Result "1/2-1/2"]
[WhiteElo "2184"]
[BlackElo "2003"]
[Annotator "NA"]
[PlyCount "91"]
[EventDate "2018.10.20"]
[EventType "swiss"]
[EventCountry "GRE"]
[SourceTitle "playchess.com"]
[Source "ChessBase"]
[SourceQuality "1"]
[TimeControl "40/5400+30:1800+30"]

1. e4 {[%emt 0:00:00]} e5 {[%emt 0:00:00]} 2. Nf3 {[%emt 0:00:00]} Nc6 {[%emt 0:00:03]} 3. Bb5 {[%emt 0:00:00]} f5 {[%emt 0:00:21]} 4. d3 {[%emt 0:00:03]} fxe4 {[%emt 0:00:32]} 5. dxe4 {[%emt 0:00:06]} Nf6 {[%emt 0:00:25]} 6. O-O {[%emt 0:00:53]} d6 {[%emt 0:00:28]} 7. Nc3 {[%emt 0:01:58]} Be7 {[%emt 0:01:06]} 8. Qd3 {[%emt 0:05:53]} O-O {[%emt 0:04:41]} 9. Ng5 {[%emt 0:17:23]} Qe8 {[%emt 0:12:45]} 10. Qc4+ {[%emt 0:05:16]} Kh8 {[%emt 0:00:34]} 11. Ne6 {[%emt 0:02:42]} Bxe6 {[%emt 0:03:34]} 12. Qxe6 {[%emt 0:00:07]} Nd4 {[%emt 0:06:31]} 13. Bxe8 {[%emt 0:02:56]} Nxe6 {[%emt 0:00:08]} 14. Ba4 {[%emt 0:06:00]} Nc5 {[%emt 0:10:11]} 15. Bg5 {[%emt 0:04:55]} c6 {[%emt 0:03:27]} 16. Bb3 {[%emt 0:03:19]} a5 {[%emt 0:08:02]} 17. f3 {[%emt 0:03:11]} b5 {[%emt 0:05:33]} 18. a3 {[%emt 0:03:21]} Nxb3 {[%emt 0:05:27]} 19. cxb3 {[%emt 0:00:01]} Bd8 {[%emt 0:06:31]} 20. Be3 {[%emt 0:02:20]} Ra6 {[%emt 0:07:03]} 21. Rfd1 {[%emt 0:01:31]} Ne8 {[%emt 0:00:33]} 22. Kf2 {[%emt 0:03:59]} Bb6 {[%emt 0:02:07]} 23. Bxb6 {[%emt 0:01:08]} Rxb6 {[%emt 0:00:01]} 24. b4 {[%emt 0:01:00]} a4 {[%emt 0:00:28]} 25. Rac1 {[%emt 0:00:38]} Kg8 {[%emt 0:01:25]} 26. Rd2 {[%emt 0:03:32]} Kf7 {[%emt 0:01:43]} 27. Nd1 {[%emt 0:01:38]} Ke6 {[%emt 0:00:25]} 28. Ne3 {[%emt 0:00:22]} g6 {[%emt 0:00:25]} 29. Rcd1 {[%emt 0:01:00]} Rf7 {[%emt 0:00:50]} 30. h4 {[%emt 0:01:09]} Rbb7 {[%emt 0:02:32]} 31. Ke2 {[%emt 0:04:14]} Rfd7 {[%emt 0:03:42]} 32. Rc1 {[%emt 0:02:04]} Rdc7 {[%emt 0:00:30]} 33. Rdc2 {[%emt 0:00:44]} Kd7 {[%emt 0:00:28]} 34. h5 {[%emt 0:01:37]} Ng7 {[%emt 0:03:53]} 35. hxg6 {[%emt 0:00:59]} hxg6 {[%emt 0:00:01]} 36. Rh1 {[%emt 0:01:02]} Nh5 {[%emt 0:04:16]} 37. Kf2 {[%emt 0:01:04]} Ke6 {[%emt 0:01:37]} 38. Rhc1 {[%emt 0:00:52]} Kd7 {[%emt 0:00:22]} 39. g3 {[%emt 0:01:04]} Rb8 {[%emt 0:03:32]} 40. Rh1 {[%emt 0:00:00]} Ke6 {[%emt 0:00:00]} 41. Nd5 {[%emt 0:22:12]} Rcc8 {[%emt 0:03:04]} 42. Rhc1 {[%emt 0:00:24]} Kd7 {[%emt 0:00:40]} 43. Ne3 {[%emt 0:00:52]} Rc7 {[%emt 0:00:51]} 44. Ng2 {[%emt 0:04:20]} Rf8 {[%emt 0:04:23]} 45. Nh4 {[%emt 0:05:03]} Rf6 {[%emt 0:00:40]} 46. Ng2 {[%emt 0:02:15]} 1/2-1/2

[Event "WYCC 2018 O14"]
[Site "Halkidiki"]
[Date "2018.10.27"]
[Round "8"]
[White "Vitenberg, Noam Aviv"]
[Black "Gharibyan, Mamikon"]
[Result "0-1"]
[WhiteElo "2175"]
[BlackElo "2314"]
[Annotator "NA"]
[PlyCount "124"]
[EventDate "2018.10.20"]
[EventType "swiss"]
[EventCountry "GRE"]
[SourceTitle "playchess.com"]
[Source "ChessBase"]
[SourceQuality "1"]
[TimeControl "40/5400+30:1800+30"]

1. d4 {[%emt 0:00:00]} Nf6 {[%emt 0:00:00]} 2. Nf3 {[%emt 0:00:00]} e6 {[%emt 0:01:26]} 3. g3 {[%emt 0:00:06]} b5 {[%emt 0:02:25]} 4. Bg2 {[%emt 0:01:04]} Bb7 {[%emt 0:01:33]} 5. O-O {[%emt 0:00:21]} Be7 {[%emt 0:02:56]} 6. Qd3 {[%emt 0:04:16]} a6 {[%emt 0:02:26]} 7. a4 {[%emt 0:07:16]} b4 {[%emt 0:02:37]} 8. c4 {[%emt 0:02:05]} bxc3 {[%emt 0:03:01]} 9. Nxc3 {[%emt 0:02:27]} d5 {[%emt 0:03:40]} 10. Rd1 {[%emt 0:11:11]} Nc6 {[%emt 0:04:30]} 11. Na2 {[%emt 0:08:56]} O-O {[%emt 0:10:52]} 12. Bf4 {[%emt 0:02:07]} a5 {[%emt 0:16:10]} 13. Rac1 {[%emt 0:01:49]} Ra6 {[%emt 0:01:26]} 14. Qc2 {[%emt 0:09:05]} Rb6 {[%emt 0:05:51]} 15. Ne5 {[%emt 0:06:20]} Bd6 {[%emt 0:06:22]} 16. Qd2 {[%emt 0:04:20]} Qa8 {[%emt 0:03:23]} 17. Nc3 {[%emt 0:03:16]} Ba6 {[%emt 0:04:13]} 18. Nxc6 {[%emt 0:06:31]} Rxc6 {[%emt 0:00:19]} 19. Bxd6 {[%emt 0:12:17]} cxd6 {[%emt 0:01:04]} 20. f3 {[%emt 0:03:34]} Rb8 {[%emt 0:02:26]} 21. e4 {[%emt 0:00:19]} Rcb6 {[%emt 0:01:28]} 22. Rc2 {[%emt 0:00:28]} Bc4 {[%emt 0:01:03]} 23. Re1 {[%emt 0:03:06]} Bb3 {[%emt 0:00:41]} 24. Rcc1 {[%emt 0:00:05]} Rb4 {[%emt 0:00:21]} 25. Ra1 {[%emt 0:01:13]} dxe4 {[%emt 0:09:04]} 26. fxe4 {[%emt 0:00:21]} Qa7 {[%emt 0:00:20]} 27. Nb5 {[%emt 0:01:01]} Qb6 {[%emt 0:00:19]} 28. Kh1 {[%emt 0:05:14]} Bxa4 {[%emt 0:00:53]} 29. Nxd6 {[%emt 0:00:28]} Qxd6 {[%emt 0:03:02]} 30. e5 {[%emt 0:00:52]} Qxd4 {[%emt 0:00:54]} 31. Qxd4 {[%emt 0:00:27]} Rxd4 {[%emt 0:00:04]} 32. exf6 {[%emt 0:00:07]} gxf6 {[%emt 0:00:04]} 33. Re2 {[%emt 0:01:16]} Bb3 {[%emt 0:02:36]} 34. h3 {[%emt 0:00:42]} a4 {[%emt 0:02:08]} 35. g4 {[%emt 0:01:38]} Kg7 {[%emt 0:02:00]} 36. Rf2 {[%emt 0:00:25]} Rbd8 {[%emt 0:01:56]} 37. Raf1 {[%emt 0:00:44]} Rd1 {[%emt 0:00:14]} 38. Kh2 {[%emt 0:01:46]} Rxf1 {[%emt 0:02:07]} 39. Bxf1 {[%emt 0:00:04]} Rd4 {[%emt 0:01:55]} 40. Kg3 {[%emt 0:00:00]} Rb4 {[%emt 0:00:00]} 41. Bg2 {[%emt 0:03:24]} Ba2 {[%emt 0:02:24]} 42. Bc6 {[%emt 0:02:10]} Bb1 {[%emt 0:00:46]} 43. Rd2 {[%emt 0:06:58]} f5 {[%emt 0:03:08]} 44. Rf2 {[%emt 0:02:46]} Kf6 {[%emt 0:01:34]} 45. Rf1 {[%emt 0:02:37]} Rxb2 {[%emt 0:04:50]} 46. Bxa4 {[%emt 0:00:54]} Be4 {[%emt 0:00:24]} 47. Bd1 {[%emt 0:03:41]} Ke5 {[%emt 0:04:39]} 48. gxf5 {[%emt 0:03:14]} exf5 {[%emt 0:01:17]} 49. Bh5 {[%emt 0:02:37]} f4+ {[%emt 0:00:38]} 50. Kh4 {[%emt 0:00:17]} f5 {[%emt 0:00:14]} 51. Bd1 {[%emt 0:01:37]} Rh2 {[%emt 0:01:19]} 52. Bf3 {[%emt 0:01:22]} Bxf3 53. Rxf3 {[%emt 0:00:08]} Ke4 {[%emt 0:03:26]} 54. Ra3 {[%emt 0:00:35]} f3 {[%emt 0:01:03]} 55. Ra4+ {[%emt 0:01:03]} Ke3 {[%emt 0:00:05]} 56. Ra3+ {[%emt 0:00:10]} Kf2 {[%emt 0:00:16]} 57. Ra2+ {[%emt 0:00:13]} Kg1 {[%emt 0:00:11]} 58. Ra1+ {[%emt 0:04:11]} Kg2 {[%emt 0:00:06]} 59. Ra3 {[%emt 0:00:07]} Rxh3+ {[%emt 0:00:10]} 60. Kg5 {[%emt 0:00:05]} f2 {[%emt 0:00:05]} 61. Ra2 {[%emt 0:00:12]} Kg1 {[%emt 0:00:07]} 62. Rxf2 {[%emt 0:00:07]} Kxf2 {[%emt 0:00:06]} 0-1